[Event "Mitropa Cup (Women) 5th"]
[Site "Olbia"]
[Date "2008.05.28"]
[Round "4.2"]
[White "Schoene, Maria"]
[Black "Zimina, Olga"]
[Result "1/2-1/2"]
[WhiteElo "2197"]
[BlackElo "2363"]
[PlyCount "102"]
[EventDate "2008.05.25"]
[EventType "team-tourn"]
[EventRounds "5"]
[EventCountry "ITA"]
[Source "ChessBase"]
[SourceDate "2008.07.03"]
[WhiteTeam "Germany"]
[BlackTeam "Italy"]
[WhiteTeamCountry "GER"]
[BlackTeamCountry "ITA"]

1. e4 e5 2. Nf3 Nc6 3. Bb5 a6 4. Ba4 Nf6 5. d3 b5 6. Bb3 Bc5 7. O-O d6 8. c3
Bb7 9. Re1 O-O 10. Nbd2 Ne7 11. Nh4 Bb6 12. Nf1 Ng6 13. Nf5 d5 14. Qf3 c5 15.
N1g3 c4 16. Bc2 cxd3 17. Bxd3 dxe4 18. Nxe4 Nxe4 19. Bxe4 Bxe4 20. Qxe4 Rc8 21.
Be3 Bxe3 22. Qxe3 Qf6 23. Qf3 Nf4 24. Qe4 Rfe8 25. Rad1 Rc4 26. Rd4 Kf8 27.
Rxc4 bxc4 28. Ne3 Nd3 29. Re2 Rd8 30. Qxc4 Nf4 31. Re1 h5 32. Qe4 g6 33. Rd1
Rxd1+ 34. Nxd1 Kg7 35. b4 Qd6 36. Qc2 h4 37. h3 Qc6 38. Ne3 Qxc3 39. Qxc3 Ne2+
40. Kf1 Nxc3 41. a3 Kf6 42. g3 g5 43. gxh4 gxh4 44. Ng2 Kg5 45. f3 f5 46. Kf2
f4 47. Ne1 e4 48. fxe4 Nxe4+ 49. Ke2 Kf6 50. Nf3 Ke6 51. Nxh4 Ng5 1/2-1/2

[Event "Mitropa Cup (Women) 5th"]
[Site "Olbia"]
[Date "2008.05.28"]
[Round "4.1"]
[White "Fischer, Selina"]
[Black "Ignacz, Maria"]
[Result "1/2-1/2"]
[WhiteElo "1873"]
[BlackElo "2173"]
[PlyCount "81"]
[EventDate "2008.05.25"]
[EventType "team-tourn"]
[EventRounds "5"]
[EventCountry "ITA"]
[Source "ChessBase"]
[SourceDate "2008.07.03"]
[WhiteTeam "Switzerland"]
[BlackTeam "Hungary"]
[WhiteTeamCountry "SUI"]
[BlackTeamCountry "HUN"]

1. e4 c5 2. Nf3 d6 3. d4 cxd4 4. Nxd4 Nf6 5. Nc3 Nc6 6. Bg5 e6 7. Qd2 a6 8.
O-O-O Be7 9. Nxc6 bxc6 10. f3 d5 11. e5 Nd7 12. Bxe7 Qxe7 13. f4 Rb8 14. Na4
Qb4 15. b3 Qa3+ 16. Nb2 Qxa2 17. Qc3 Qa3 18. Rd4 Qc5 19. Qxc5 Nxc5 20. Na4 Nd7
21. Nb2 O-O 22. Ra4 Bb7 23. Be2 Rfc8 24. Bxa6 Nc5 25. Bxb7 Rxb7 26. Ra5 Ne4 27.
Rf1 h6 28. Nd3 c5 29. Nf2 Nc3 30. Kd2 Nb5 31. Rfa1 Nd4 32. Ra8 Rbc7 33. Rxc8+
Rxc8 34. Nd1 Kf8 35. Ne3 h5 36. Kd3 Nc6 37. h3 Ke7 38. Kd2 Rb8 39. Ra4 g6 40.
g3 Kd7 41. Ng2 1/2-1/2

[Event "Mitropa Cup (Women) 5th"]
[Site "Olbia"]
[Date "2008.05.28"]
[Round "4.2"]
[White "Toth, Sarolta"]
[Black "De Seroux, Camille"]
[Result "1-0"]
[WhiteElo "2163"]
[BlackElo "1867"]
[PlyCount "109"]
[EventDate "2008.05.25"]
[EventType "team-tourn"]
[EventRounds "5"]
[EventCountry "ITA"]
[Source "ChessBase"]
[SourceDate "2008.07.03"]
[WhiteTeam "Hungary"]
[BlackTeam "Switzerland"]
[WhiteTeamCountry "HUN"]
[BlackTeamCountry "SUI"]

1. c4 Nf6 2. Nf3 g6 3. g3 Bg7 4. Bg2 O-O 5. Nc3 d6 6. O-O e5 7. d3 Nc6 8. Rb1
a5 9. a3 h6 10. b4 axb4 11. axb4 Be6 12. b5 Ne7 13. Bb2 Nd7 14. Nd2 Rb8 15. Ra1
Nc5 16. Nb3 Nxb3 17. Qxb3 f5 18. Ra7 b6 19. Ba3 f4 20. Na2 Nf5 21. Bb2 fxg3 22.
hxg3 Kh7 23. Nb4 Qd7 24. Na6 Rbc8 25. Bb7 Nd4 26. Bxd4 exd4 27. Bxc8 Rxc8 28.
Nb4 Bh3 29. Rfa1 Qf7 30. Ra8 Rxa8 31. Rxa8 Be5 32. Qd1 Bg4 33. Nd5 Be6 34. Ra7
Bxd5 35. cxd5 Bf6 36. Qc2 Bd8 37. Qc6 Qe7 38. Ra8 Kg7 39. Qc1 Qd7 40. Qf4 Bf6
41. Qe4 Kf7 42. Ra7 Qd8 43. Qe6+ Kg7 44. f4 h5 45. Kg2 Be7 46. f5 gxf5 47. Qxf5
h4 48. Qg4+ Kh7 49. Qxd4 hxg3 50. Ra1 Bf6 51. Rh1+ Kg6 52. Qe4+ Kg5 53. Qh4+
Kf5 54. Qh7+ Ke5 55. Qe4# 1-0

[Event "Mitropa Cup (Women) 5th"]
[Site "Olbia"]
[Date "2008.05.29"]
[Round "5.1"]
[White "Kopinits, Anna Christina"]
[Black "Fischer, Selina"]
[Result "1/2-1/2"]
[WhiteElo "1873"]
[BlackElo "2192"]
[PlyCount "82"]
[EventDate "2008.05.25"]
[EventType "team-tourn"]
[EventRounds "5"]
[EventCountry "ITA"]
[Source "ChessBase"]
[SourceDate "2008.07.03"]
[WhiteTeam "Austria"]
[BlackTeam "Switzerland"]
[WhiteTeamCountry "AUT"]
[BlackTeamCountry "SUI"]

1. e4 c6 2. d4 d5 3. Nc3 dxe4 4. Nxe4 Nd7 5. Ng5 Ngf6 6. Bd3 e6 7. Qe2 Bd6 8.
N1f3 h6 9. Ne4 Nxe4 10. Qxe4 Qc7 11. O-O b6 12. Qg4 g5 13. Qh3 Rg8 14. Qxh6 Bf8
15. Qh3 g4 16. Qg3 Qxg3 17. fxg3 gxf3 18. gxf3 Bd6 19. Be3 Bb7 20. Kf2 O-O-O
21. Rh1 c5 22. c3 cxd4 23. cxd4 Nf6 24. Rac1+ Kb8 25. a3 Nd5 26. Bd2 Be7 27.
Be4 Bf6 28. Bc3 Nc7 29. Rcd1 Rd7 30. Ke3 Bd5 31. Bc2 Bg5+ 32. Kf2 Bc6 33. h4
Bh6 34. Rhe1 Rgd8 35. a4 Nd5 36. Re5 Bg7 37. Ree1 Ne7 38. Ke3 Nd5+ 39. Ke2 Bb7
40. Bd3 Ne7 41. Bb5 Rd5 1/2-1/2

[Event "Mitropa Cup (Women) 5th"]
[Site "Olbia"]
[Date "2008.05.29"]
[Round "5.2"]
[White "De Seroux, Camille"]
[Black "Horvath, Maria"]
[Result "1-0"]
[WhiteElo "1867"]
[BlackElo "2011"]
[PlyCount "65"]
[EventDate "2008.05.25"]
[EventType "team-tourn"]
[EventRounds "5"]
[EventCountry "ITA"]
[Source "ChessBase"]
[SourceDate "2008.07.03"]
[WhiteTeam "Switzerland"]
[BlackTeam "Austria"]
[WhiteTeamCountry "SUI"]
[BlackTeamCountry "AUT"]

1. e4 c5 2. Nf3 Nc6 3. d4 cxd4 4. Nxd4 Nf6 5. Nc3 e5 6. Ndb5 d6 7. Nd5 Nxd5 8.
exd5 Nb8 9. c4 Be7 10. Bd3 O-O 11. O-O f5 12. f3 a6 13. Nc3 Nd7 14. Kh1 Kh8 15.
Be3 Bg5 16. Bf2 Qf6 17. Qc2 Nc5 18. Be2 Qh6 19. b4 Nd7 20. Na4 Be3 21. Bd3 Bxf2
22. Qxf2 Qg5 23. Rac1 Nf6 24. Nb6 Rb8 25. c5 Rd8 26. c6 bxc6 27. dxc6 Re8 28.
c7 Rxb6 29. Qxb6 d5 30. Bxa6 Qh5 31. b5 d4 32. Bxc8 Rxc8 33. Qe6 1-0

[Event "Mitropa Cup (Women) 5th"]
[Site "Olbia"]
[Date "2008.05.29"]
[Round "5.1"]
[White "Hoolt, Sarah"]
[Black "Borosova, Zuzana"]
[Result "1/2-1/2"]
[WhiteElo "2258"]
[BlackElo "2231"]
[PlyCount "125"]
[EventDate "2008.05.25"]
[EventType "team-tourn"]
[EventRounds "5"]
[EventCountry "ITA"]
[Source "ChessBase"]
[SourceDate "2008.07.03"]
[WhiteTeam "Germany"]
[BlackTeam "Slovakia"]
[WhiteTeamCountry "GER"]
[BlackTeamCountry "SVK"]

1. e4 e5 2. Bc4 Nc6 3. Nf3 Bc5 4. d3 Nf6 5. Bb3 d6 6. c3 a6 7. Nbd2 O-O 8. O-O
Ba7 9. h3 h6 10. Re1 Nh5 11. Nc4 Qf6 12. Ne3 Nf4 13. Nd5 Nxd5 14. Bxd5 Ne7 15.
Bb3 Ng6 16. d4 Nf4 17. Bxf4 Qxf4 18. Qe2 exd4 19. cxd4 Bb6 20. Qd3 c5 21. Bd5
Rb8 22. g3 Qf6 23. e5 dxe5 24. dxe5 Qf5 25. Qb3 Be6 26. g4 Bxd5 27. gxf5 Bxb3
28. axb3 Rbd8 29. Rad1 Ba5 30. Rxd8 Rxd8 31. Re2 Kf8 32. e6 fxe6 33. fxe6 Re8
34. Nh4 Ke7 35. f4 g5 36. Nf5+ Kf6 37. Nxh6 gxf4 38. Ng4+ Kg6 39. Kg2 Bc7 40.
Kf3 Kf5 41. h4 Rxe6 42. Rxe6 Kxe6 43. h5 Kf5 44. h6 Kg6 45. Ke4 a5 46. Kd5 f3
47. Ke4 c4 48. bxc4 a4 49. Kxf3 Ba5 50. Ke2 Bb4 51. Kd3 Bf8 52. Kc2 a3 53. bxa3
Bxa3 54. Kb3 Bf8 55. Ka4 Kg5 56. h7 Bg7 57. Nf2 Kg6 58. Ne4 Kxh7 59. Kb5 Bd4
60. Nc5 Kg6 61. Nxb7 Kf6 62. Kc6 Ke7 63. Nc5 1/2-1/2

[Event "Mitropa Cup (Women) 5th"]
[Site "Olbia"]
[Date "2008.05.29"]
[Round "5.2"]
[White "Varholakova, Nikoleta"]
[Black "Schoene, Maria"]
[Result "0-1"]
[WhiteElo "2225"]
[BlackElo "2197"]
[PlyCount "70"]
[EventDate "2008.05.25"]
[EventType "team-tourn"]
[EventRounds "5"]
[EventCountry "ITA"]
[Source "ChessBase"]
[SourceDate "2008.07.03"]
[WhiteTeam "Slovakia"]
[BlackTeam "Germany"]
[WhiteTeamCountry "SVK"]
[BlackTeamCountry "GER"]

1. e4 c5 2. Nf3 d6 3. d4 cxd4 4. Nxd4 Nf6 5. Nc3 g6 6. Bc4 Bg7 7. O-O O-O 8.
Re1 Nc6 9. Bb3 Bd7 10. Bg5 h6 11. Bh4 Nxd4 12. Qxd4 g5 13. Bg3 Nh5 14. Qe3 Nxg3
15. hxg3 Qa5 16. Rad1 Bxc3 17. bxc3 Be6 18. Qd3 Qe5 19. Bd5 Bxd5 20. exd5 Qf6
21. Re3 Rac8 22. c4 Rc7 23. Rde1 Rfc8 24. Re4 b5 25. cxb5 Rc3 26. Qd4 Qxd4 27.
Rxd4 Rxc2 28. Rxe7 Rxa2 29. Rd7 Rc1+ 30. Kh2 h5 31. g4 h4 32. Rd3 Raa1 33. g3
Rh1+ 34. Kg2 h3+ 35. Kf3 Rhd1 0-1

[Event "Mitropa Cup (Women) 5th"]
[Site "Olbia"]
[Date "2008.05.29"]
[Round "5.1"]
[White "Ignacz, Maria"]
[Black "Zimina, Olga"]
[Result "1-0"]
[WhiteElo "2173"]
[BlackElo "2363"]
[PlyCount "177"]
[EventDate "2008.05.25"]
[EventType "team-tourn"]
[EventRounds "5"]
[EventCountry "ITA"]
[Source "ChessBase"]
[SourceDate "2008.07.03"]
[WhiteTeam "Hungary"]
[BlackTeam "Italy"]
[WhiteTeamCountry "HUN"]
[BlackTeamCountry "ITA"]

1. d4 d5 2. c4 e6 3. Nf3 c6 4. Qc2 Nf6 5. g3 Ne4 6. Bg2 Bd6 7. O-O O-O 8. Nbd2
f5 9. Ne1 Bd7 10. Nd3 Be8 11. f3 Ng5 12. Nb3 Nd7 13. Bf4 Qe7 14. Rae1 h6 15. h4
dxc4 16. Qxc4 Nb6 17. Bxd6 Qxd6 18. Qc5 Nf7 19. Nf4 Bd7 20. e4 Rfe8 21. Rf2
Rad8 22. Rfe2 fxe4 23. Rxe4 Na4 24. Qc1 e5 25. dxe5 Rxe5 26. Rxa4 c5 27. Rae4
Rxe4 28. fxe4 b6 29. Rd1 Qc7 30. Rd5 Re8 31. Rd2 Bc6 32. Re2 Ne5 33. Qc3 Bb5
34. Re1 Qd6 35. Qd2 Qf6 36. Rd1 Nc4 37. Qd5+ Kh8 38. Qf5 Qxb2 39. Ng6+ Kg8 40.
Qf2 Bc6 41. Rf1 Qxf2+ 42. Rxf2 Kh7 43. h5 Ne5 44. Nxe5 Rxe5 45. Bf3 Be8 46. Rd2
Bxh5 47. Bxh5 Rxh5 48. Rd5 Rxd5 49. exd5 Kg6 50. Nd2 Kf6 51. Ne4+ Ke5 52. d6
Ke6 53. Kf2 b5 54. Ke3 g6 55. Kd3 Kd7 56. Kc3 Ke6 57. Kd3 Kd7 58. Ke3 Ke6 59.
Kf4 c4 60. Ke3 b4 61. Kd4 c3 62. Kd3 h5 63. Kc2 a5 64. Kd3 Kd7 65. a3 bxa3 66.
Kxc3 a4 67. Kc2 g5 68. Nf6+ Kxd6 69. Nxh5 Ke5 70. g4 Ke4 71. Kb1 Kf3 72. Nf6
Kf4 73. Ka2 Ke5 74. Nh5 Ke4 75. Kxa3 Kf3 76. Nf6 Kf4 77. Kxa4 Ke5 78. Nh5 Ke4
79. Kb5 Kd5 80. Kb6 Kd6 81. Kb7 Kd7 82. Ng3 Kd6 83. Kc8 Ke5 84. Nh5 Ke6 85. Kd8
Kf7 86. Kd7 Kg6 87. Ke6 Kh7 88. Kf6 Kh6 89. Ng3 1-0

[Event "Mitropa Cup (Women) 5th"]
[Site "Olbia"]
[Date "2008.05.29"]
[Round "5.2"]
[White "Ambrosi, Eleonora"]
[Black "Toth, Sarolta"]
[Result "1-0"]
[WhiteElo "2148"]
[BlackElo "2163"]
[PlyCount "65"]
[EventDate "2008.05.25"]
[EventType "team-tourn"]
[EventRounds "5"]
[EventCountry "ITA"]
[Source "ChessBase"]
[SourceDate "2008.07.03"]
[WhiteTeam "Italy"]
[BlackTeam "Hungary"]
[WhiteTeamCountry "ITA"]
[BlackTeamCountry "HUN"]

1. e4 c5 2. Nf3 e6 3. b3 d6 4. Bb2 Nf6 5. e5 dxe5 6. Nxe5 Be7 7. Bd3 Nbd7 8. f4
Nd5 9. O-O O-O 10. a3 Bf6 11. Qe2 g6 12. c4 Ne7 13. Nc3 Bg7 14. Ne4 Qc7 15. Ng5
Nxe5 16. fxe5 Nc6 17. Rae1 b6 18. Qe4 h6 19. Nxf7 Rxf7 20. Qxg6 Nd8 21. Qh7+
Kf8 22. Bg6 Rf5 23. Bxf5 exf5 24. Kh1 Be6 25. d4 cxd4 26. Bxd4 Nc6 27. Be3 Rd8
28. Bxh6 Nd4 29. Qh8+ Bg8 30. e6 Nxe6 31. Rxe6 Rd7 32. Rxf5+ Rf7 33. Bxg7# 1-0

[Event "Mitropa Cup (Women) 5th"]
[Site "Olbia"]
[Date "2008.05.29"]
[Round "6.1"]
[White "Sedina, Elena"]
[Black "Kopinits, Anna Christina"]
[Result "1-0"]
[WhiteElo "2356"]
[BlackElo "2192"]
[PlyCount "61"]
[EventDate "2008.05.25"]
[EventType "team-tourn"]
[EventRounds "5"]
[EventCountry "ITA"]
[Source "ChessBase"]
[SourceDate "2008.07.03"]
[WhiteTeam "Italy"]
[BlackTeam "Austria"]
[WhiteTeamCountry "ITA"]
[BlackTeamCountry "AUT"]

1. e4 c5 2. Nf3 Nc6 3. Bb5 d6 4. O-O Bd7 5. Re1 Nf6 6. c3 a6 7. Ba4 b5 8. Bc2
e5 9. d3 Be7 10. Nbd2 O-O 11. Nf1 Re8 12. Ng3 h6 13. a4 Be6 14. h3 Qc7 15. Nh4
d5 16. exd5 Nxd5 17. Nhf5 Bf8 18. axb5 axb5 19. Rxa8 Rxa8 20. d4 cxd4 21. Qd3
g6 22. Nxh6+ Bxh6 23. Bxh6 Ncb4 24. cxb4 Nxb4 25. Qf3 Kh7 26. Qxa8 Nxc2 27. Rc1
d3 28. Ne4 f5 29. Nf6+ Kxh6 30. Qh8+ Kg5 31. h4+ 1-0

[Event "Mitropa Cup (Women) 5th"]
[Site "Olbia"]
[Date "2008.05.29"]
[Round "6.2"]
[White "Mira, Helene"]
[Black "Ambrosi, Eleonora"]
[Result "1/2-1/2"]
[WhiteElo "2147"]
[BlackElo "2148"]
[PlyCount "83"]
[EventDate "2008.05.25"]
[EventType "team-tourn"]
[EventRounds "5"]
[EventCountry "ITA"]
[Source "ChessBase"]
[SourceDate "2008.07.03"]
[WhiteTeam "Austria"]
[BlackTeam "Italy"]
[WhiteTeamCountry "AUT"]
[BlackTeamCountry "ITA"]

1. d4 d5 2. Nf3 Nc6 3. Bf4 Bg4 4. e3 e6 5. h3 Bh5 6. Nbd2 Bd6 7. c3 Nf6 8. Bd3
O-O 9. Qc2 Bg6 10. Bxg6 hxg6 11. O-O Qe7 12. Ne5 Bxe5 13. dxe5 Nd7 14. Nf3 Nc5
15. Nd4 Rfb8 16. a3 Nd7 17. Nf3 b5 18. e4 Nb6 19. Rfe1 Na5 20. b4 Nac4 21. Nd4
Qd7 22. Nb3 a5 23. Nc5 Qc6 24. Bg3 dxe4 25. Nxe4 Rd8 26. Bf4 Rd5 27. Nc5 Nd7
28. Nd3 Qb7 29. a4 bxa4 30. Rxa4 Qb5 31. Raa1 Ndb6 32. Ra2 Rad8 33. bxa5 Rxd3
34. axb6 Nxb6 35. Be3 Qc4 36. Bxb6 cxb6 37. Ra3 Qc5 38. Qb3 Rd2 39. Rf1 R8d5
40. Ra8+ Kh7 41. Qa4 Qe7 42. Ra7 1/2-1/2

[Event "Mitropa Cup (Women) 5th"]
[Site "Olbia"]
[Date "2008.05.29"]
[Round "6.1"]
[White "Ignacz, Maria"]
[Black "Hoolt, Sarah"]
[Result "1/2-1/2"]
[WhiteElo "2173"]
[BlackElo "2258"]
[PlyCount "89"]
[EventDate "2008.05.25"]
[EventType "team-tourn"]
[EventRounds "5"]
[EventCountry "ITA"]
[Source "ChessBase"]
[SourceDate "2008.07.03"]
[WhiteTeam "Hungary"]
[BlackTeam "Germany"]
[WhiteTeamCountry "HUN"]
[BlackTeamCountry "GER"]

1. d4 Nf6 2. c4 g6 3. Nf3 Bg7 4. g3 O-O 5. Bg2 d6 6. Nc3 Nbd7 7. O-O e5 8. e4
a6 9. Re1 Rb8 10. h3 b5 11. cxb5 axb5 12. Bg5 h6 13. Bxf6 Qxf6 14. Nd5 Qd8 15.
Rc1 c5 16. dxc5 Nxc5 17. b4 Ne6 18. a4 bxa4 19. Qxa4 Bb7 20. Red1 f5 21. Nh4
Nd4 22. Qa2 Kh7 23. Rxd4 exd4 24. exf5 Bxd5 25. Qxd5 Qf6 26. Nxg6 Rfc8 27. Re1
d3 28. Re7 Rxb4 29. Qxd3 Rd4 30. Qf3 d5 31. Re6 Qf7 32. Ne5 Bxe5 33. Rxe5 Re8
34. Rxd5 Rxd5 35. Qxd5 Qf6 36. Be4 Re7 37. Qc6 Kg7 38. Qxf6+ Kxf6 39. f3 Ra7
40. Kf2 Ke5 41. Ke3 Ra3+ 42. Bd3 Ra1 43. f4+ Kf6 44. Kf2 Ra2+ 45. Kf3 1/2-1/2

[Event "Mitropa Cup (Women) 5th"]
[Site "Olbia"]
[Date "2008.05.29"]
[Round "6.2"]
[White "Schoene, Maria"]
[Black "Toth, Sarolta"]
[Result "0-1"]
[WhiteElo "2197"]
[BlackElo "2163"]
[PlyCount "68"]
[EventDate "2008.05.25"]
[EventType "team-tourn"]
[EventRounds "5"]
[EventCountry "ITA"]
[Source "ChessBase"]
[SourceDate "2008.07.03"]
[WhiteTeam "Germany"]
[BlackTeam "Hungary"]
[WhiteTeamCountry "GER"]
[BlackTeamCountry "HUN"]

1. e4 c5 2. Nf3 e6 3. d4 cxd4 4. Nxd4 a6 5. Nc3 Qc7 6. Bd3 Bc5 7. Nb3 Be7 8.
Qg4 g6 9. Bd2 d6 10. Qe2 Nd7 11. O-O b6 12. a4 Bb7 13. a5 b5 14. Na2 Ngf6 15.
Bh6 Bf8 16. Bxf8 Kxf8 17. Nb4 Kg7 18. Kh1 d5 19. exd5 Nxd5 20. Nxd5 Bxd5 21. f4
Nf6 22. Nd2 Rac8 23. Rf2 Rhd8 24. Nf1 Rd7 25. Ne3 Be4 26. Bxe4 Nxe4 27. Rff1
Rd2 28. Qf3 Nf6 29. f5 Qc6 30. Qf4 Qd6 31. Qxd6 Rxd6 32. fxe6 Rxe6 33. Rfe1
Rce8 34. Ra3 Ng4 0-1

[Event "Mitropa Cup (Women) 5th"]
[Site "Olbia"]
[Date "2008.05.29"]
[Round "6.1"]
[White "Borosova, Zuzana"]
[Black "Fischer, Selina"]
[Result "1-0"]
[WhiteElo "2231"]
[BlackElo "1873"]
[PlyCount "89"]
[EventDate "2008.05.25"]
[EventType "team-tourn"]
[EventRounds "5"]
[EventCountry "ITA"]
[Source "ChessBase"]
[SourceDate "2008.07.03"]
[WhiteTeam "Slovakia"]
[BlackTeam "Switzerland"]
[WhiteTeamCountry "SVK"]
[BlackTeamCountry "SUI"]

1. e4 c6 2. d4 d5 3. e5 Bf5 4. Nf3 e6 5. Be2 Ne7 6. O-O h6 7. b3 Ng6 8. Be3 Nd7
9. Ne1 Ne7 10. f4 Bg6 11. Nd3 Nf5 12. Bf2 h5 13. Nd2 f6 14. Nf3 Be7 15. c3 Qc7
16. Qd2 Bf7 17. Rfe1 c5 18. Bf1 Nh6 19. Kh1 f5 20. Ng5 cxd4 21. Bxd4 O-O 22.
Be2 g6 23. Rac1 b6 24. c4 dxc4 25. Rxc4 Qd8 26. Nf3 Rc8 27. Rec1 Rxc4 28. Rxc4
Qb8 29. Qc2 b5 30. Rc7 Rd8 31. Bxa7 Qa8 32. a4 bxa4 33. bxa4 Qd5 34. h3 Kf8 35.
Rc8 Ng8 36. Rc7 Qa5 37. Nd4 Nb6 38. Nc6 Qxa4 39. Qxa4 Nxa4 40. Nxd8 Bxd8 41.
Rc8 Ke7 42. Bd1 Be8 43. Bf2 g5 44. fxg5 Bd7 45. Ra8 1-0

[Event "Mitropa Cup (Women) 5th"]
[Site "Olbia"]
[Date "2008.05.29"]
[Round "6.2"]
[White "De Seroux, Camille"]
[Black "Varholakova, Nikoleta"]
[Result "0-1"]
[WhiteElo "1867"]
[BlackElo "2225"]
[PlyCount "100"]
[EventDate "2008.05.25"]
[EventType "team-tourn"]
[EventRounds "5"]
[EventCountry "ITA"]
[Source "ChessBase"]
[SourceDate "2008.07.03"]
[WhiteTeam "Switzerland"]
[BlackTeam "Slovakia"]
[WhiteTeamCountry "SUI"]
[BlackTeamCountry "SVK"]

1. e4 d5 2. exd5 Nf6 3. d4 Nxd5 4. Nf3 Bf5 5. Bd3 Bxd3 6. Qxd3 e6 7. O-O c6 8.
c4 Nb6 9. Nc3 Be7 10. b3 N8d7 11. Bb2 Nf6 12. Rad1 O-O 13. Rfe1 Qc7 14. Ne4
Nbd7 15. Nxf6+ Bxf6 16. Nd2 Rad8 17. Ne4 Be7 18. Qg3 Qxg3 19. Nxg3 Nf6 20. Ne4
Nxe4 21. Rxe4 Rd7 22. Re2 Rfd8 23. Red2 Bg5 24. Rd3 Bf6 25. Bc3 c5 26. d5 Bxc3
27. Rxc3 exd5 28. cxd5 Rxd5 29. Rxd5 Rxd5 30. Kf1 Kf8 31. Ke2 Ke7 32. Ke3 Kd6
33. Rc2 b6 34. Rc3 Ke5 35. g3 Rd1 36. h4 f5 37. Rc4 Rd4 38. Rc1 f4+ 39. gxf4+
Rxf4 40. Rg1 Rf7 41. Rg4 g6 42. Rc4 Kd5 43. Rg4 Rf5 44. Ra4 a5 45. Rg4 b5 46.
Rg1 c4 47. Rd1+ Kc5 48. Rc1 Rh5 49. Rh1 cxb3 50. axb3 Kb4 0-1

[Event "Mitropa Cup (Women) 5th"]
[Site "Olbia"]
[Date "2008.05.31"]
[Round "7.1"]
[White "Mira, Helene"]
[Black "Hoolt, Sarah"]
[Result "0-1"]
[WhiteElo "2147"]
[BlackElo "2258"]
[PlyCount "44"]
[EventDate "2008.05.25"]
[EventType "team-tourn"]
[EventRounds "5"]
[EventCountry "ITA"]
[Source "ChessBase"]
[SourceDate "2008.07.03"]
[WhiteTeam "Austria"]
[BlackTeam "Germany"]
[WhiteTeamCountry "AUT"]
[BlackTeamCountry "GER"]

1. Nf3 Nf6 2. c4 g6 3. Nc3 c5 4. d4 cxd4 5. Nxd4 Bg7 6. e4 d6 7. Be2 Nc6 8. Be3
Bd7 9. Nc2 O-O 10. O-O Qa5 11. Qd2 Ne5 12. f3 Rfc8 13. Na3 a6 14. Rac1 Be6 15.
Nd5 Qxd2 16. Bxd2 Bxd5 17. cxd5 b5 18. Nc2 Nfd7 19. Bg5 Kf8 20. Be3 Nc5 21.
Rfd1 Na4 22. Bd4 Bh6 0-1

[Event "Mitropa Cup (Women) 5th"]
[Site "Olbia"]
[Date "2008.05.31"]
[Round "7.2"]
[White "Schoene, Maria"]
[Black "Horvath, Maria"]
[Result "1-0"]
[WhiteElo "2197"]
[BlackElo "2011"]
[PlyCount "117"]
[EventDate "2008.05.25"]
[EventType "team-tourn"]
[EventRounds "5"]
[EventCountry "ITA"]
[Source "ChessBase"]
[SourceDate "2008.07.03"]
[WhiteTeam "Germany"]
[BlackTeam "Austria"]
[WhiteTeamCountry "GER"]
[BlackTeamCountry "AUT"]

1. e4 c5 2. Nf3 Nc6 3. d4 cxd4 4. Nxd4 Nf6 5. Nc3 e5 6. Ndb5 d6 7. Bg5 a6 8.
Na3 b5 9. Nd5 Be7 10. Bxf6 Bxf6 11. c3 Bg5 12. Nc2 Ne7 13. Nxe7 Qxe7 14. Be2
Bb7 15. Bf3 a5 16. O-O O-O 17. g3 Bc6 18. Bg2 Qb7 19. f4 Bd8 20. Qe2 Bb6+ 21.
Kh1 exf4 22. Rxf4 Rae8 23. Raf1 Re7 24. b4 a4 25. Na3 Bc7 26. Qh5 g6 27. Qh3 d5
28. exd5 Bxd5 29. R4f2 f5 30. Bxd5+ Qxd5+ 31. Qg2 Rd8 32. Rc2 Qd3 33. Nb1 Rde8
34. Rd2 Qe4 35. Na3 Qxg2+ 36. Kxg2 Re2+ 37. Rxe2 Rxe2+ 38. Rf2 Re5 39. Rd2 Bb6
40. c4 bxc4 41. Nxc4 Re6 42. Nb2 Re4 43. a3 Be3 44. Re2 Bc1 45. Rxe4 fxe4 46.
Nxa4 Bxa3 47. b5 Kf7 48. b6 Ke6 49. b7 Bd6 50. Nc5+ Kd5 51. Na6 Kc4 52. b8=Q
Bxb8 53. Nxb8 Kd3 54. Nc6 e3 55. Ne5+ Kd2 56. Nf3+ Kd1 57. Kf1 e2+ 58. Kf2 g5
59. g4 1-0

[Event "Mitropa Cup (Women) 5th"]
[Site "Olbia"]
[Date "2008.05.31"]
[Round "7.1"]
[White "Borosova, Zuzana"]
[Black "Ignacz, Maria"]
[Result "1-0"]
[WhiteElo "2231"]
[BlackElo "2173"]
[PlyCount "93"]
[EventDate "2008.05.25"]
[EventType "team-tourn"]
[EventRounds "5"]
[EventCountry "ITA"]
[Source "ChessBase"]
[SourceDate "2008.07.03"]
[WhiteTeam "Slovakia"]
[BlackTeam "Hungary"]
[WhiteTeamCountry "SVK"]
[BlackTeamCountry "HUN"]

1. e4 c5 2. Nf3 d6 3. d4 cxd4 4. Nxd4 Nf6 5. Nc3 Nc6 6. Bg5 e6 7. Qd2 a6 8.
O-O-O Be7 9. f4 Nxd4 10. Qxd4 b5 11. Be2 Bb7 12. Bf3 Rc8 13. Bxf6 gxf6 14. f5
e5 15. Qe3 Qc7 16. Qe2 Qc4 17. Qxc4 Rxc4 18. Nd5 Bxd5 19. Rxd5 O-O 20. a3 Rfc8
21. c3 Kf8 22. Re1 Ke8 23. Bd1 Bf8 24. Bb3 R4c5 25. Kc2 Rxd5 26. Bxd5 Rc7 27.
Kb3 Bh6 28. Kb4 Rc5 29. Re2 Bc1 30. Rc2 Be3 31. Ka5 b4+ 32. Kxb4 Ke7 33. Ka4 a5
34. c4 Bd4 35. Rd2 Ke8 36. b3 Ke7 37. Rd3 Bg1 38. Bb7 Bd4 39. Ba6 Kf8 40. Bb5
Ke7 41. Kxa5 Rc8 42. Rh3 Rh8 43. Bc6 h5 44. b4 Rc8 45. Bd5 Rc7 46. Ka4 Ra7+ 47.
Kb3 1-0

[Event "Mitropa Cup (Women) 5th"]
[Site "Olbia"]
[Date "2008.05.31"]
[Round "7.2"]
[White "Toth, Sarolta"]
[Black "Varholakova, Nikoleta"]
[Result "0-1"]
[WhiteElo "2163"]
[BlackElo "2225"]
[PlyCount "96"]
[EventDate "2008.05.25"]
[EventType "team-tourn"]
[EventRounds "5"]
[EventCountry "ITA"]
[Source "ChessBase"]
[SourceDate "2008.07.03"]
[WhiteTeam "Hungary"]
[BlackTeam "Slovakia"]
[WhiteTeamCountry "HUN"]
[BlackTeamCountry "SVK"]

1. c4 Nf6 2. Nf3 e6 3. g3 d5 4. b3 c5 5. Bg2 Nc6 6. Bb2 Be7 7. O-O d4 8. e3 e5
9. b4 e4 10. Ng5 Nxb4 11. exd4 cxd4 12. Nxe4 O-O 13. d3 Bf5 14. a3 Nc6 15. Nbd2
Ng4 16. Re1 Qd7 17. Nf3 Rfe8 18. Qa4 Rad8 19. Rab1 Nge5 20. Nxe5 Nxe5 21. Qb3
Bg4 22. Nd2 Qf5 23. Be4 Qh5 24. Qxb7 Bg5 25. f4 Bc8 26. Qb5 Bd7 27. Qb7 Bc8 28.
Qxa7 Ng4 29. Nf1 Bf6 30. Bf3 Qg6 31. Be4 Qh5 32. Bc6 Re6 33. Rxe6 Bxe6 34. Bxd4
Rxd4 35. Rb8+ Rd8 36. Qa8 Qc5+ 37. Kh1 Qd6 38. Rxd8+ Bxd8 39. Be4 f5 40. c5 Qd4
41. c6 Nf2+ 42. Kg2 Nd1 43. Kh1 Kf7 44. Qb7+ Be7 45. Bf3 Nf2+ 46. Kg2 Nxd3 47.
Kh3 Qf2 48. Bg2 Nxf4+ 0-1

[Event "Mitropa Cup (Women) 5th"]
[Site "Olbia"]
[Date "2008.05.31"]
[Round "7.1"]
[White "Fischer, Selina"]
[Black "Zimina, Olga"]
[Result "0-1"]
[WhiteElo "1873"]
[BlackElo "2363"]
[PlyCount "84"]
[EventDate "2008.05.25"]
[EventType "team-tourn"]
[EventRounds "5"]
[EventCountry "ITA"]
[Source "ChessBase"]
[SourceDate "2008.07.03"]
[WhiteTeam "Switzerland"]
[BlackTeam "Italy"]
[WhiteTeamCountry "SUI"]
[BlackTeamCountry "ITA"]

1. e4 d5 2. exd5 Qxd5 3. Nc3 Qa5 4. Bc4 Nf6 5. Qe2 Bg4 6. f3 Bf5 7. d3 Nc6 8.
Bb5 Bd7 9. Bxc6 Bxc6 10. Bd2 O-O-O 11. O-O-O e6 12. Kb1 Bb4 13. Qe1 Qa6 14.
Nge2 Rhe8 15. Qh4 Be7 16. Qf2 e5 17. Ne4 Nd5 18. Nc5 Qb6 19. Ne4 Qxf2 20. Nxf2
f5 21. Nc3 Bc5 22. Nxd5 Bxf2 23. Nc3 Re6 24. Rhf1 Bh4 25. Kc1 Red6 26. Be3 b6
27. a3 a5 28. Rd2 R6d7 29. Re2 Bf6 30. Bf2 b5 31. Bg3 b4 32. axb4 axb4 33. Nd1
e4 34. fxe4 fxe4 35. Nf2 exd3 36. Nxd3 b3 37. Nf2 Bg5+ 38. Kb1 Bb5 39. Ree1
bxc2+ 40. Kxc2 Rd2+ 41. Kb1 Bxf1 42. Rxf1 Rf8 0-1